Public finance quarterly

Guardado en:
Detalles Bibliográficos
Formato: Seriadas
Lenguaje:inglés
Publicado: Thousand Oaks SAGE Periodicals Press
Materias:
Etiquetas: Agregar Etiqueta
Sin Etiquetas, Sea el primero en etiquetar este registro!

MARC

LEADER 00000nas1a2200000 4500
001 s120259
005 20250627100059.9
022 |a 0048-5853 
041 0 |a eng 
044 |a US 
245 1 0 |a Public finance quarterly 
264 1 |a Thousand Oaks  |b SAGE Periodicals Press 
610 2 0 |a financie verejné 
610 2 0 |a dane